1469 1356 1426 1353 1758 1140 1118 1828 1215 1182 1838 1033 1138 1596 2000 1891 1777 1597 1249 1468 1052 1741 1136 1413 1621 1931 1374 1068 1768 1238 1475 1235 1376 1456 1782 1632 1533 1005 1942 1020 1014 1021 1915 1901 1755 1450 1268 1482 1518 1270 1863 1135 1275 1064 1559 1779 1036 1962 1891 1633 1002 1875 1770 1916 1296 1588 1088 1554 1864 1581 1704 1997 1160 1691 1821 1696 1407 1094 1929 1464 1196 1382 1776 1649 1554 1061 1589 1998 1016 1799 1011 1661 1064 1596 1766 1217 1112 1246 1535 BCNSPRNW ULIB Ver.6.0+V

เปลี่ยนเป็นภาษาไทย

Change to English
 แสดงรายละเอียดบรรณานุกรม
  กลับหน้าหลัก

Brief Record : Get Marc (ISO 2709) : E-mail record : QR code < ปิดหน้าต่าง
LEADER : 00000nam 2200000uu 4500
001    13399123794
003     ULIB
008    141128s2557||||th 000 0 tha d
020    ^a9786163612137
060  4 ^aWS100^bส238ก ล.1
100 0  ^aสมบูรณ์ จันทร์สกุลพร,^eบรรณาธิการ
245 00 ^aกุมารเวชศาสตร์ 1/^cบรรณาธิการโดย สมบูรณ์ จันทร์สกุลพร และคนอื่น ๆ
250    ^aพิมพ์ครั้งที่ 2
260    ^aกรุงเทพฯ:^bคณะแพทยศาสตร์ มหาวิทยาลัยศรีนครินทรวิโรฒ,^c2557.
300    ^a578 หน้า
650  0 ^aกุมารเวชศาสตร์
710 1  มหาวิทยาลัยศรีนครินทรวิโรฒ^bคณะแพทยศาสตร์.
945    ^p400^l0^i22081
945    ^p400^l0^i22082
945    ^p400^l0^i22083
945    ^p400^l0^i22084
945    ^p400^l0^i22085
999    ^aทศพร เกษรทอง
รายการนี้ยังไม่มีแท็ก
คุณยังไม่ได้ล็อกอิน คุณสามารถมีกิจกรรมร่วมกับเว็บไซต์ได้ แต่ต้องล็อกอินก่อน ::
  ล็อกอิน

รายการสื่อสารสนเทศ

ลำดับที่ ประเภท เลขเรียก/บาร์โค้ด สถานที่ สถานะ
1. วิทยาศาสตร์การแพทย์ และสุขภาพ
วิทยาศาสตร์การแพทย์ และสุขภาพ
สถานะ=หนังสือเก่า
WS100 ส238ก ล.1 ฉ.1 
  Barcode: 22081
ห้องสมุดวิทยาเขตนครสวรรค์
►ส่วนจัดเก็บหนังสือเก่า นว.
บนชั้น
  ขอยืม
2. วิทยาศาสตร์การแพทย์ และสุขภาพ
วิทยาศาสตร์การแพทย์ และสุขภาพ
สถานะ=หนังสือเก่า
WS100 ส238ก ล.1 ฉ.2 
  Barcode: 22082
ห้องสมุดวิทยาเขตนครสวรรค์
►ส่วนจัดเก็บหนังสือเก่า นว.
บนชั้น
  ขอยืม
3. วิทยาศาสตร์การแพทย์ และสุขภาพ
วิทยาศาสตร์การแพทย์ และสุขภาพ
สถานะ=หนังสือเก่า
WS100 ส238ก ล.1 ฉ.3 
  Barcode: 22083
ห้องสมุดวิทยาเขตนครสวรรค์
►ส่วนจัดเก็บหนังสือเก่า นว.
บนชั้น
  ขอยืม
4. วิทยาศาสตร์การแพทย์ และสุขภาพ
วิทยาศาสตร์การแพทย์ และสุขภาพ
สถานะ=หนังสือเก่า
WS100 ส238ก ล.1 ฉ.4 
  Barcode: 22084
ห้องสมุดวิทยาเขตนครสวรรค์
►ส่วนจัดเก็บหนังสือเก่า นว.
บนชั้น
  ขอยืม
5. วิทยาศาสตร์การแพทย์ และสุขภาพ
วิทยาศาสตร์การแพทย์ และสุขภาพ
สถานะ=หนังสือเก่า
WS100 ส238ก ล.1 ฉ.5 
  Barcode: 22085
ห้องสมุดวิทยาเขตนครสวรรค์
►ส่วนจัดเก็บหนังสือเก่า นว.
บนชั้น
  ขอยืม

รายการใกล้เคียง
    หัวเรื่อง [กุมารเวชศาสตร์]

BibComment


ยังไม่เคยถูกคอมเมนท์

คอมเมนท์ทรัพยากรรายการนี้
  คอมเมนท์: กุมารเวชศาสตร์ 1..


 Copyright 2026. Bcnsprnw @Library